Catálogo - Centro de Recursos para el Aprendizaje y la Investigación

Volver al Sitio - CRAI Biblioteca

Construyo mi planificación docente a través de la estrategia de proyectos participativos de aula / (Registro nro. 113812)

Detalles MARC
000 -CABECERA
campo de control de longitud fija 02026nam a2200349 4500
001 - NÚMERO DE CONTROL
campo de control 113812
003 - IDENTIFICADOR DEL NÚMERO DE CONTROL
campo de control DR-UNIBE
005 - FECHA Y HORA DE LA ÚLTIMA TRANSACCIÓN
campo de control 20250701145348.0
008 - DATOS DE LONGITUD FIJA--INFORMACIÓN GENERAL
campo de control de longitud fija 250701b2016 dr ||||| |||| 00| 0 spa d
040 ## - FUENTE DE LA CATALOGACIÓN
Centro catalogador/agencia de origen BIBLIOTECA UNIBE
Lengua de catalogación spa
Centro/agencia transcriptor BIBLIOTECA UNIBE
Normas de descripción rda
041 ## - CÓDIGO DE LENGUA
Código de lengua del texto/banda sonora o título independiente spa
082 ## - NÚMERO DE LA CLASIFICACIÓN DECIMAL DEWEY
Número de edición 22
Número de clasificación RD 371.3 R426co
110 10 - ENTRADA PRINCIPAL--NOMBRE DE ENTIDAD CORPORATIVA
Nombre de entidad corporativa o nombre de jurisdicción como elemento de entrada República Dominicana.
9 (RLIN) 196806
Término indicativo de función/relación autor
245 10 - MENCIÓN DE TÍTULO
Título Construyo mi planificación docente a través de la estrategia de proyectos participativos de aula /
Mención de responsabilidad, etc. Ministerio de Educación (MINERD). Viceministerio de Servicios Técnicos y Pedagógicos
260 ## - PUBLICACIÓN, DISTRIBUCIÓN, ETC.
Lugar de publicación, distribución, etc. Santo Domingo
Nombre del editor, distribuidor, etc. Ministerio de Educación (MINERD),
Fecha de publicación, distribución, etc. 2016
300 ## - DESCRIPCIÓN FÍSICA
Extensión 50 páginas :
Otras características físicas cuadros, tablas ;
Dimensiones 27 x 21 cm
490 ## - MENCIÓN DE SERIE
Mención de serie Estrategias de planificación
505 ## - NOTA DE CONTENIDO CON FORMATO
Nota de contenido con formato Presentación |<br/>Consideraciones principales |<br/>Aspectos a tener en cuneta para la integración del conocimiento |<br/>Una mirada al proceso de elaboración y ejecución de los proyectos participativos de aula |<br/>Revisemos los pasos sugeridos para el diseño curricular explicando el proceso para realizar cada uno de ellos |<br/>Diseñamos paso a paso una planificación con proyectos participativos de aula tomando en cuenta la malla curricular |<br/>Retomamos el problema, el nombre y los propósitos del proyecto
650 #7 - PUNTO DE ACCESO ADICIONAL DE MATERIA--TÉRMINO DE MATERIA
Fuente del encabezamiento o término lemb
Término de materia o nombre geográfico como elemento de entrada Planificación educativa
Subdivisión general Estrategias
Subdivisión geográfica República Dominicana
9 (RLIN) 196867
650 #7 - PUNTO DE ACCESO ADICIONAL DE MATERIA--TÉRMINO DE MATERIA
Fuente del encabezamiento o término lemb
Término de materia o nombre geográfico como elemento de entrada Educación primaria
Subdivisión geográfica República Dominicana
9 (RLIN) 4432
700 10 - PUNTO DE ACCESO ADICIONAL--NOMBRE DE PERSONA
Nombre de persona Escalante, Edell
9 (RLIN) 196855
Término indicativo de función/relación redacción
700 10 - PUNTO DE ACCESO ADICIONAL--NOMBRE DE PERSONA
Nombre de persona Taveras, Bernarda
9 (RLIN) 196856
Término indicativo de función/relación redacción
700 10 - PUNTO DE ACCESO ADICIONAL--NOMBRE DE PERSONA
Nombre de persona Adames Núñez, Digna María
9 (RLIN) 196857
Término indicativo de función/relación revisión
700 10 - PUNTO DE ACCESO ADICIONAL--NOMBRE DE PERSONA
Nombre de persona Henríquez, Argentina
9 (RLIN) 51275
Término indicativo de función/relación revisión
700 10 - PUNTO DE ACCESO ADICIONAL--NOMBRE DE PERSONA
Nombre de persona Azor, Santa
9 (RLIN) 196858
Término indicativo de función/relación colaborador
700 10 - PUNTO DE ACCESO ADICIONAL--NOMBRE DE PERSONA
Nombre de persona Ortíz, Edwin
9 (RLIN) 196859
Término indicativo de función/relación colaborador
700 10 - PUNTO DE ACCESO ADICIONAL--NOMBRE DE PERSONA
Nombre de persona Lora, Marcelina
9 (RLIN) 196864
Término indicativo de función/relación colaborador
700 10 - PUNTO DE ACCESO ADICIONAL--NOMBRE DE PERSONA
Nombre de persona Franco, Francis
9 (RLIN) 196865
Término indicativo de función/relación colaborador
700 10 - PUNTO DE ACCESO ADICIONAL--NOMBRE DE PERSONA
Nombre de persona Ceballos Díaz, Rita Ma.
9 (RLIN) 196846
Término indicativo de función/relación coordinador
700 10 - PUNTO DE ACCESO ADICIONAL--NOMBRE DE PERSONA
Nombre de persona Cuesta Soriano, Modesto
9 (RLIN) 151811
Término indicativo de función/relación corrector de estilo
-- diagramador
942 ## - ELEMENTOS DE PUNTO DE ACCESO ADICIONAL (KOHA)
Fuente del sistema de clasificación o colocación Sistema de Clasificación Decimal Dewey
Tipo de ítem Koha Libro (general)
Existencias
Estado de retiro Estado de pérdida Fuente del sistema de clasificación o colocación No para préstamo Código de colección Localización permanente Fecha de adquisición Total de préstamos Signatura topográfica completa Código de barras Fecha visto por última vez Número de copia Precio válido a partir de Tipo de ítem Koha
  Disponible Sistema de Clasificación Decimal Dewey   General - Libros dominicanos Biblioteca Central UNIBE 10/06/2025   RD 371.3 R426co 250721 01/07/2025 Ej. 1 01/07/2025 Libro (general)
  Disponible Sistema de Clasificación Decimal Dewey   General - Libros dominicanos Biblioteca Central UNIBE 10/06/2025   RD 371.3 R426co 250722 01/07/2025 Ej. 2 01/07/2025 Libro (general)